LEADER 02757nam 2200565 450 001 9910554873303321 005 20211120144349.0 010 $a1-119-68696-2 010 $a1-119-68694-6 010 $a1-119-68695-4 035 $a(CKB)4940000000599407 035 $a(MiAaPQ)EBC6561801 035 $a(Au-PeEL)EBL6561801 035 $a(OCoLC)1247659940 035 $a(JP-MeL)3000131726 035 $a(EXLCZ)994940000000599407 100 $a20211120d2021 uy 0 101 0 $aeng 135 $aurcn#|||a|a|| 181 $ctxt$2rdacontent 182 $cc$2rdamedia 183 $acr$2rdacarrier 200 10$aLean architecture $eexcellence in project delivery /$fMichael F. Czap, Gregory T. Buchanan 210 1$aHoboken, New Jersey :$cWiley,$d[2021] 210 4$d2021 215 $a1 online resource (349 pages) $cillustrations 300 $aIncludes index. 311 08$aPrint version: Czap, Michael F. Lean architecture Hoboken, New Jersey : Wiley, [2021] 9781119686934 (DLC) 2020055853 327 $aA profession ripe for change -- Process management explained -- The design firm's problem -- Lean architecture -- Learning from Detroit : influences from lean manufacturing -- Lean management for architects -- Stragetic areas -- Streamlining documentation -- Rethinking your firm -- Role of technology -- More than an initiative. 330 $a"An architectural methodology based around Lean principles, this book challenges architects to examine how they practice by better understanding their goals and by viewing and producing their work differently. Lean Architecture: Excellence in Project Delivery is a lean implementation guide for design firm leadership, project managers, and architecture professionals. This guide to the building blocks of Lean for design firms outlines important metrics and time-tested implementation strategies for firms of all sizes, presents relatable examples highlighting successful Lean application and describes how to avoid common obstacles in introducing and integrating Lean practice across a design firm"--$cProvided by publisher. 606 $aOrganizational effectiveness 606 $aArchitectural practice$xManagement 606 $aLean management 615 0$aOrganizational effectiveness. 615 0$aArchitectural practice$xManagement. 615 0$aLean management. 676 $a720.68 686 $a525.1$2njb/09 686 $a524$2njb/09 686 $a724/.7$2njb/09 686 $a724.68$2njb/09 700 $aCzap$b Michael F.$01383768 702 $aBuchanan$b Gregory T. 801 0$bMiAaPQ 801 1$bMiAaPQ 801 2$bMiAaPQ 906 $aBOOK 912 $a9910554873303321 996 $aLean architecture$93429071 997 $aUNINA LEADER 04070nam 22009133 450 001 9910970518103321 005 20201023111955.0 010 $a9786613079701 010 $a9781472577702 010 $a1472577701 010 $a9781474269728 010 $a1474269729 010 $a9781350216686 010 $a1350216682 010 $a9781472577696 010 $a1472577698 010 $a9781472577719 010 $a147257771X 010 $a9781283079709 010 $a1283079704 010 $a9780857851437 010 $a0857851438 024 7 $a10.5040/9781474269728 035 $a(CKB)2550000000033383 035 $a(EBL)799555 035 $a(OCoLC)720654116 035 $a(SSID)ssj0000535849 035 $a(PQKBManifestationID)11373567 035 $a(PQKBTitleCode)TC0000535849 035 $a(PQKBWorkID)10546942 035 $a(PQKB)11471723 035 $a(MiAaPQ)EBC799555 035 $a(MiAaPQ)EBC4917445 035 $a(OCoLC)1201426029 035 $a(CaBNVSL)mat74269728 035 $a(CaBNVSL)9781474269728 035 $a(MiAaPQ)EBC6164436 035 $a(CaBNVSL)BP9781474269728BC 035 $a(Perlego)804678 035 $a(MiAaPQ)EBC32274107 035 $a(Au-PeEL)EBL32274107 035 $a(OCoLC)1535977546 035 $a(EXLCZ)992550000000033383 100 $a20251014d2017 uy 0 101 0 $aeng 135 $aur|n|---||||| 181 $ctxt 182 $cc 183 $acr 200 14$aThe dictionary of fashion history /$fValerie Cumming, C. W. Cunnington, and P. E. Cunnington 205 $aSecond edition. 210 1$aLondon, England :$cBloomsbury Academic, an imprint of Bloomsbury Publishing Plc,$d2020. 210 2$aLondon, England :$cBloomsbury Publishing,$d2020 215 $a1 online resource (302 p.) 300 $a"Based on A Dictionary of English Costume 900-1900 by C. W. Cunnington, P. E. Cunnington and Charles Beard, now completely revised, updated and supplemented to the present day by Valerie Cumming." 311 08$a9781847885333 311 08$a1847885330 311 08$a9781847885340 311 08$a1847885349 320 $aIncludes bibliographical references (pages 359-366). 327 $aIntroduction to the 2010 edition -- Introduction to the 2017 edition -- Preface to the first edition -- Guide to using the dictionary -- The dictionary of fashion history -- Glossary : fibres, fabrics, materials -- Glossary of laces -- Glossary : obsolete colour names. 330 $a"This new edition of The Dictionary of Fashion History further updates the landmark work of C. Willett Cunnington, Phillis Cunnington and Charles Beard. Featuring over 60 new and revised entries on diverse topics such as the Onesie, Brothel Creepers and the Birkin Bag, this edition is even more comprehensive and brings this costume historian's bible fully up to date. With many more images to accompany the text and illustrate key fashions / including cartoons, prints and lavish color photographs of surviving garments / this version of the dictionary brings dazzling and unusual garments to life for researchers, students, costume designers and everyone interested in the subject. Clear, concise, and meticulous in detail, this essential reference work answers countless questions relating to the history of dress and adornment and will continue to be the definitive guide for many years to come."--Publisher's description. 606 $aClothing and dress$xHistory$vDictionaries 606 $aFashion$xHistory$vDictionaries 606 $aHistory of fashion$2bicssc 615 0$aClothing and dress$xHistory 615 0$aFashion$xHistory 615 7$aHistory of fashion 676 $a391.00903 700 $aCumming$b Valerie$01625753 702 $aCunnington$b C. Willett$g(Cecil Willett),$f1878-1961, 702 $aCunnington$b Phillis$f1887-1974, 801 0$bDLC 801 1$bCaBNVSL 801 2$bCaBNVSL 906 $aBOOK 912 $a9910970518103321 996 $aThe dictionary of fashion history$93961433 997 $aUNINA